Województwa - Statystyki

Ogólne statystyki
  • Ten quiz został rozwiązany 28 razy
  • Średni wynik to 14 z 16
Statystyki odpowiedzi
Województwa % Poprawnych
Mazowieckie
96%
Pomorskie
92%
Śląskie
92%
Wielkopolskie
92%
Zachodniopomorskie
92%
Kujawsko-pomorskie
88%
Lubelskie
88%
Małopolskie
88%
Lubuskie
83%
Opolskie
83%
Podkarpackie
83%
Świętokrzyskie
83%
Dolnośląskie
79%
Łódzkie
79%
Podlaskie
79%
Warmińsko-Mazurskie
79%
Nie znaleziono quizów pasujących do podanych kryteriów
Rozkład punktacji
Procent ludzi z każdym wynikiem
Percentyl według liczby udzielonych odpowiedzi
Twoja historia wyników
Nie rozwiązałeś tego quizu